| 000 | 00964nam a2200229 i 4500 | ||
|---|---|---|---|
| 001 | 167502 | ||
| 003 | ES-MaACL | ||
| 005 | 20250717070801.0 | ||
| 008 | 050926q18901900fr af | |||||||| ||fre d | ||
| 040 |
_aCAM _bspa _cCAM |
||
| 100 | 1 |
_aVignes, Cl.-Ed. _9133710 |
|
| 245 | 1 | 2 |
_aL'Electricité chez soi _b: exposé raisonné des applications domestiques de l'électricité, précédé d'un résumé des notions fundamentales de la science electrique actuelle / _cCl.-Ed. Vignes. |
| 260 |
_aParis : _bErnest Flammarion, éditeur, _c[s.a.] |
||
| 300 |
_a267 p. : _bil. ; _c16 cm. |
||
| 490 | 1 | _aBibliothèque pour tous | |
| 596 | _aSegún la BN-Opale plus la serie se publica en la última década del S. XIX. | ||
| 650 | 0 | 7 |
_aElectricidad _2embne _912159 |
| 700 | 1 |
_aFlammarion, Ernest. _9127094 |
|
| 830 | 0 |
_aBibliothèque pour tous _9222475 |
|
| 852 |
_aES-MaACL _jD-2964 _z-- Enc. hol., conservando la cub. original |
||
| 999 |
_c167502 _d167502 |
||